000 00403pab a2200145 454500
008 180718b2006 xxu||||| |||| 00| 0 eng d
100 _aSturdy, Andrew et al.
245 _aManagement as a (self) confidence trick: management ideas, education and identity work
260 _c2006
300 _ap.841-60.
362 _aNov
650 _aManagement education
773 _aOrganization
909 _a72807
999 _c72807
_d72807